000 00416nam a22001577a 4500
005 20251108172031.0
008 250721s1983 xx 000 0 ara d
082 1 4 _a510/أحم
100 1 _aدرويش، أحمد عبد الله
245 1 0 _aمبادئ الرياضة المالية /
264 1 _aعمان :
_c1983.
300 _a239ص
650 1 7 _aالرياضيات
942 _2ddc
_cBK
999 _c68768
_d68768